000 01036cam a2200301 a 4500
999 _c523824
_d523824
001 571532
003 NUST
005 20190529065415.0
008 890718s1988 pk af 001 0 eng
010 _a 89163628
020 _a0195773853
038 _aMuhammad Ibrahim
040 _aDLC
_cDLC
_dDLC
043 _aa-ii---
_aa-pk---
050 0 0 _aDS436
_b.M225 1988
082 0 0 _a954
_220
100 1 _aMahmud, S. F.
_q(Sayyid Fayyaz)
_914593
245 1 2 _aA concise history of Indo-Pakistan /
_cS.F. Mahmud.
250 _a2nd ed.
260 _aKarachi ;
_aNew York :
_bOxford University Press,
_c1988.
300 _axvii, 315 p., [32] p. of plates :
_bill. ;
_c19 cm.
651 0 _aIndia
_xHistory.
_93832
651 0 _aPakistan
_xHistory.
_939
856 4 2 _3Publisher description
_uhttp://www.loc.gov/catdir/enhancements/fy0639/89163628-d.html
906 _a7
_bcbc
_corignew
_d3
_encip
_f19
_gy-gencatlg
942 _2ddc
_cBK